[Event "Titled Tuesday intern op 25th May"]
[Site "Chess.com INT"]
[Date "2021.05.25"]
[Round "11"]
[White "Niraj, Saripalli"]
[Black "Djordjevic, Vuk D"]
[Result "1-0"]
[WhiteElo "2188"]
[BlackElo "2350"]
[PlyCount "61"]
[EventDate "2021.05.25"]
[EventType "swiss (blitz)"]
[EventRounds "11"]
[EventCountry "USA"]
[SourceTitle "CBM 203 Extra"]
[Source "ChessBase"]
[SourceDate "2021.09.30"]
[SourceVersion "1"]
[SourceVersionDate "2021.09.30"]
[SourceQuality "1"]

1. d4 Nf6 2. Bg5 d5 3. e3 c5 4. c3 e6 5. Nd2 Be7 6. Bd3 Nbd7 7. f4 h6 8. Bxf6 Bxf6 9. Ngf3 g5 10. Ne5 gxf4 11. exf4 cxd4 12. Qh5 Bxe5 13. fxe5 dxc3 14. 0-0 Qb6+ 15. Kh1 cxd2 16. Qxf7+ Kd8 17. Qg7 Re8 18. Bg6 Re7 19. Qxh6 Qd4 20. Rad1 Qxe5 21. Rxd2 b6 22. Qh4 Qd6 23. Rf7 Ne5 24. Qh8+ Re8 25. Qf6+ Re7 26. Rxe7 Qxe7 27. Qxe5 Bb7 28. Rf2 Rc8 29. h3 Rc1+ 30. Kh2 Ba6 31. Rf7 1-0

[Event "Titled Tuesday intern op 25th May"]
[Site "Chess.com INT"]
[Date "2021.05.25"]
[Round "9"]
[White "Tregubov, Pavel V"]
[Black "Niraj, Saripalli"]
[Result "0-1"]
[WhiteElo "2560"]
[BlackElo "2188"]
[PlyCount "44"]
[EventDate "2021.05.25"]
[EventType "swiss (blitz)"]
[EventRounds "11"]
[EventCountry "USA"]
[SourceTitle "CBM 203 Extra"]
[Source "ChessBase"]
[SourceDate "2021.09.30"]
[SourceVersion "1"]
[SourceVersionDate "2021.09.30"]
[SourceQuality "1"]

1. e4 e5 2. Nf3 Nc6 3. Bb5 Nge7 4. 0-0 a6 5. Ba4 g6 6. d4 exd4 7. Nxd4 Bg7 8. Nxc6 Nxc6 9. Nc3 0-0 10. Be3 b5 11. Bb3 Na5 12. Qd2 Bb7 13. Bd5 Bxd5 14. Qxd5 Nc4 15. Bg5 Qe8 16. Rab1 Nxb2 17. Rxb2 Bxc3 18. Rb3 Bg7 19. Rd3 d6 20. c4 bxc4 21. Qxc4 Qb5 22. Rc1 Qxg5 0-1

[Event "Madurai Athens of the East op 1st"]
[Site "Madurai"]
[Date "2019.08.17"]
[Round "9"]
[White "Niraj, Saripalli"]
[Black "Konguvel, Ponnuswamy"]
[Result "1-0"]
[WhiteElo "2150"]
[BlackElo "2383"]
[PlyCount "73"]
[EventDate "2019.08.11"]
[EventType "swiss"]
[EventRounds "10"]
[EventCountry "IND"]
[SourceTitle "CBM 191 Extra"]
[Source "ChessBase"]
[SourceDate "2019.09.30"]
[SourceVersion "1"]
[SourceVersionDate "2019.09.30"]
[SourceQuality "1"]

1. d4 Nf6 2. Bf4 b6 3. e3 Bb7 4. Nf3 g6 5. Nbd2 Bg7 6. h3 d6 7. Bd3 0-0 8. Bh2 Nbd7 9. Qe2 e5 10. dxe5 dxe5 11. Ba6 Bxa6 12. Qxa6 Qe7 13. 0-0 Nc5 14. Qc4 Nfd7 15. Rad1 c6 16. Ne4 b5 17. Qb4 Rfe8 18. Nd6 a5 19. Qc3 Red8 20. a3 Ra6 21. b4 Na4 22. Qb3 axb4 23. axb4 Nab6 24. Ng5 Rf8 25. f4 Nd5 26. Ngxf7 e4 27. c4 bxc4 28. Qxc4 Rb6 29. b5 N7f6 30. bxc6 Rxf7 31. Nxf7 Qxf7 32. f5 Rb4 33. Qxb4 Nxb4 34. Rd8+ Bf8 35. c7 Nc6 36. fxg6 Qe7 37. Bd6 1-0

[Event "Goa op 2nd"]
[Site "Taleigao"]
[Date "2019.06.18"]
[Round "1"]
[White "Deepan Chakkravarthy, J."]
[Black "Niraj, Saripalli"]
[Result "1-0"]
[WhiteElo "2557"]
[BlackElo "2127"]
[PlyCount "51"]
[EventDate "2019.06.18"]
[EventType "swiss"]
[EventRounds "10"]
[EventCountry "IND"]
[SourceTitle "CBM 191 Extra"]
[Source "ChessBase"]
[SourceDate "2019.09.30"]
[SourceVersion "1"]
[SourceVersionDate "2019.09.30"]
[SourceQuality "1"]

1. e4 e5 2. Nf3 Nc6 3. Bc4 Nf6 4. d3 h6 5. a4 d6 6. Nc3 g6 7. a5 Bg7 8. h3 0-0 9. g4 Nd4 10. g5 hxg5 11. Bxg5 Ne6 12. h4 Nxg5 13. hxg5 Nh5 14. a6 Nf4 15. Nd5 b5 16. Bb3 Bg4 17. Nxf4 exf4 18. Rh4 Bxf3 19. Qxf3 Bxb2 20. Rb1 Be5 21. Ke2 Kg7 22. Rh7+ Kg8 23. Qg4 Bg7 24. Qf3 Be5 25. Qg4 d5 26. Rbh1 1-0

[Event "Goa op 1st"]
[Site "Taleigao"]
[Date "2018.10.14"]
[Round "2"]
[White "Niraj, Saripalli"]
[Black "Predke, Alexandr"]
[Result "0-1"]
[WhiteElo "2206"]
[BlackElo "2615"]
[PlyCount "112"]
[EventDate "2018.10.13"]
[EventType "swiss"]
[EventRounds "10"]
[EventCountry "IND"]
[SourceTitle "CBM 186 Extra"]
[Source "ChessBase"]
[SourceDate "2018.08.24"]
[SourceVersion "1"]
[SourceVersionDate "2018.08.24"]
[SourceQuality "1"]

1. e4 c5 2. c3 Nf6 3. e5 Nd5 4. Nf3 Nc6 5. Bc4 Nb6 6. Bb3 c4 7. Bc2 d6 8. Qe2 Bg4 9. exd6 Qxd6 10. Na3 Qe6 11. d3 Qxe2+ 12. Kxe2 cxd3+ 13. Bxd3 e5 14. Nc2 Nd5 15. h3 Bh5 16. Be4 Nf6 17. Bxc6+ bxc6 18. g4 Bg6 19. Ne3 h5 20. Nxe5 hxg4 21. Nxg6 fxg6 22. h4 0-0-0 23. Nc4 Bc5 24. Be3 Bxe3 25. Nxe3 Rde8 26. Kd3 Re4 27. Rag1 Rf4 28. Ke2 Re8 29. Rh2 Rh8 30. Rhh1 Kc7 31. Rd1 Rb8 32. b3 Ne4 33. Rd4 Re8 34. Rh2 g3 35. Rg2 Nxc3+ 36. Kd3 Rxd4+ 37. Kxd4 Ne2+ 38. Kc4 Nf4 39. Rxg3 Re4+ 40. Kc3 Ne2+ 41. Kd3 Nxg3 42. fxg3 Re5 43. Kd4 Ra5 44. a4 g5 45. hxg5 Rxg5 46. g4 Kd7 47. Ke4 Ke6 48. Kf4 Rc5 49. Nf5 g6 50. Nd4+ Kd5 51. Nf3 Rc3 52. Nh4 Rxb3 53. Nxg6 Ke6 54. Nf8+ Ke7 55. Ng6+ Kf6 56. Nf8 Rb4+ 0-1

[Event "Gujarat op 1st"]
[Site "Ahmedabad"]
[Date "2018.10.06"]
[Round "2"]
[White "Popov, Ivan1"]
[Black "Niraj, Saripalli"]
[Result "1-0"]
[WhiteElo "2611"]
[BlackElo "2206"]
[PlyCount "87"]
[EventDate "2018.10.05"]
[EventType "swiss"]
[EventRounds "10"]
[EventCountry "IND"]
[SourceTitle "CBM 186 Extra"]
[Source "ChessBase"]
[SourceDate "2018.08.24"]
[SourceVersion "1"]
[SourceVersionDate "2018.08.24"]
[SourceQuality "1"]

1. e4 e5 2. Nf3 Nc6 3. Bc4 Nf6 4. d3 h6 5. 0-0 d6 6. c3 g6 7. d4 Qe7 8. Bd3 Bg7 9. d5 Nb8 10. c4 0-0 11. Nc3 Nh5 12. Bc2 Bg4 13. h3 Bd7 14. Re1 Nf4 15. Be3 a5 16. a3 Na6 17. Rb1 Rae8 18. b4 axb4 19. axb4 g5 20. Nh2 Qf6 21. c5 h5 22. c6 Bc8 23. Na4 bxc6 24. dxc6 g4 25. hxg4 Bh6 26. Nc3 hxg4 27. Nxg4 Qh4 28. Nxh6+ Qxh6 29. Nd5 Kg7 30. Nxf4 exf4 31. Bd4+ f6 32. f3 Rh8 33. Kf1 Qg5 34. Bg1 Rh1 35. Qd4 Re5 36. Bd3 Nb8 37. b5 Rc5 38. Rec1 Be6 39. Rxc5 dxc5 40. Qd8 Bh3 41. Qe7+ Kh6 42. Qf8+ Kh5 43. Qh8+ Kg6 44. Qg8+ 1-0

[Event "IND-ch U25 26th"]
[Site "Port Blair"]
[Date "2017.07.19"]
[Round "9"]
[White "Satya, Sekhar Mitra"]
[Black "Niraj, Saripalli"]
[Result "1/2-1/2"]
[WhiteElo "1724"]
[BlackElo "2148"]
[PlyCount "37"]
[EventDate "2017.07.13"]
[EventType "swiss"]
[EventRounds "9"]
[EventCountry "IND"]
[SourceTitle "EXT 2018"]
[Source "ChessBase"]
[SourceDate "2017.10.13"]
[SourceVersion "1"]
[SourceVersionDate "2017.10.13"]
[SourceQuality "1"]

1. d4 e6 2. c4 b6 3. Nf3 Bb7 4. g3 c5 5. d5 exd5 6. cxd5 g6 7. Bg2 Bg7 8. 0-0 d6 9. e4 Ne7 10. Re1 b5 11. a4 a6 12. axb5 0-0 13. Bf1 h6 14. Nc3 f5 15. e5 axb5 16. Rxa8 Bxa8 17. Bxb5 g5 18. exd6 Nc8 19. Qa4 1/2-1/2

[Event "IND-ch U25 26th"]
[Site "Port Blair"]
[Date "2017.07.17"]
[Round "7"]
[White "Shubham, Lakudkar"]
[Black "Niraj, Saripalli"]
[Result "1/2-1/2"]
[WhiteElo "2000"]
[BlackElo "2148"]
[PlyCount "110"]
[EventDate "2017.07.13"]
[EventType "swiss"]
[EventRounds "9"]
[EventCountry "IND"]
[SourceTitle "EXT 2018"]
[Source "ChessBase"]
[SourceDate "2017.10.13"]
[SourceVersion "1"]
[SourceVersionDate "2017.10.13"]
[SourceQuality "1"]

1. d4 e6 2. g3 Nf6 3. Bg2 d5 4. Nf3 Nbd7 5. 0-0 a6 6. b3 c5 7. e3 Qc7 8. Nbd2 b5 9. c4 Bb7 10. Qe2 Be7 11. Bb2 0-0 12. Rfc1 dxc4 13. bxc4 b4 14. e4 cxd4 15. Nxd4 Nc5 16. a3 Na4 17. axb4 Nxb2 18. N2b3 Bxb4 19. Qxb2 Bxe4 20. Bxe4 Nxe4 21. Qe2 Nc5 22. Nxc5 Bxc5 23. Nb3 a5 24. Ra4 Bb4 25. Qf3 g6 26. c5 Rfd8 27. Rca1 Ra7 28. Rc1 Rd5 29. Rc4 Rb7 30. Ra1 Rb5 31. c6 Rb6 32. Rac1 Rb8 33. Nd4 Rbd8 34. Nc2 Bc5 35. Ne3 Bxe3 36. Qxe3 Rb8 37. Qc3 Rb6 38. Rc5 Rxc5 39. Qxc5 Ra6 40. Qb5 Ra8 41. Rc4 Rb8 42. Qc5 Rb6 43. Kg2 a4 44. Qa5 a3 45. Qxa3 Rb8 46. h4 h5 47. Qc3 Rc8 48. Kh2 Qb6 49. Kg2 Rc7 50. Kg1 Qb1+ 51. Kh2 Qf5 52. Qd2 Qd5 53. Qc3 Qf5 54. Rf4 Qd5 55. Rc4 Qf5 1/2-1/2

[Event "IND-ch U25 26th"]
[Site "Port Blair"]
[Date "2017.07.14"]
[Round "3"]
[White "Anjana Krishna, Sreela"]
[Black "Niraj, Saripalli"]
[Result "1/2-1/2"]
[WhiteElo "1894"]
[BlackElo "2148"]
[PlyCount "71"]
[EventDate "2017.07.13"]
[EventType "swiss"]
[EventRounds "9"]
[EventCountry "IND"]
[SourceTitle "EXT 2018"]
[Source "ChessBase"]
[SourceDate "2017.10.13"]
[SourceVersion "1"]
[SourceVersionDate "2017.10.13"]
[SourceQuality "1"]

1. e4 e5 2. Nf3 Nc6 3. Bb5 a6 4. Ba4 Nge7 5. Nc3 g6 6. d3 Bg7 7. Be3 Nd4 8. Qd2 h6 9. Bb3 Nxf3+ 10. gxf3 Nc6 11. Nd5 d6 12. 0-0-0 Nd4 13. Bxd4 exd4 14. Rhg1 g5 15. h4 Be6 16. Kb1 Bxd5 17. Bxd5 c6 18. Bb3 Bf6 19. hxg5 hxg5 20. f4 gxf4 21. Qxf4 Qe7 22. Qg4 Kd8 23. Rg3 Kc7 24. Qf5 Rh6 25. Rdg1 Rah8 26. a3 Rh5 27. Qf3 Be5 28. Rg8 Rxg8 29. Rxg8 Rh4 30. Rg4 Rh6 31. Qg2 Rf6 32. f3 Bf4 33. Rg7 Be5 34. Rg4 Bf4 35. Rg7 Be5 36. Rg4 1/2-1/2

[Event "Barcelona Sant Marti op-A 18th"]
[Site "Barcelona"]
[Date "2016.07.18"]
[Round "6"]
[White "Hernandez Moya, Yuleisis"]
[Black "Niraj, Saripalli"]
[Result "1/2-1/2"]
[WhiteElo "2260"]
[BlackElo "2140"]
[PlyCount "137"]
[EventDate "2016.07.13"]
[EventType "swiss"]
[EventRounds "9"]
[EventCountry "ESP"]
[SourceTitle "CBM 173 Extra"]
[Source "ChessBase"]
[SourceDate "2016.08.29"]
[SourceVersion "1"]
[SourceVersionDate "2016.08.29"]
[SourceQuality "1"]

1. e4 e5 2. Nf3 Nc6 3. Bb5 a6 4. Ba4 Nf6 5. d3 d6 6. c4 h6 7. Nc3 g6 8. d4 exd4 9. Nxd4 Bd7 10. Nxc6 Bxc6 11. Bxc6+ bxc6 12. Be3 Bg7 13. 0-0 0-0 14. f3 Nd7 15. Qd2 Kh7 16. Rad1 Ne5 17. Qe2 f5 18. exf5 Rxf5 19. f4 Nd7 20. Ne4 Rf8 21. Bd4 c5 22. Bxg7 Kxg7 23. Rd3 Qe7 24. Re3 Rae8 25. Rff3 Qf7 26. b3 Re6 27. Ng5 Rxe3 28. Rxe3 hxg5 29. Re7 gxf4 30. Rxf7+ Rxf7 31. Qb2+ Kh7 32. Qa3 Nb8 33. Qa4 Re7 34. Kf2 g5 35. h3 Kg6 36. a3 Kf5 37. b4 cxb4 38. axb4 Re5 39. Kf3 Kf6 40. Kg4 Re3 41. Qa1+ Re5 42. h4 gxh4 43. Kxh4 Nc6 44. Qxa6 Nxb4 45. Qb7 c5 46. Qb8 Re6 47. Kg4 Ke5 48. Qh8+ Ke4 49. Qh7+ Ke3 50. Qh3+ Kd4 51. Kxf4 Nd3+ 52. Kf5 Re5+ 53. Kf6 Kxc4 54. g4 Re4 55. g5 Nf4 56. Qf1+ Kd5 57. Qf3 Kd4 58. g6 Nxg6 59. Kxg6 c4 60. Kf5 d5 61. Qf2+ Kc3 62. Qc5 Rd4 63. Ke5 Rd3 64. Qa3+ Kc2 65. Qa2+ Kc3 66. Qa3+ Kc2 67. Qa2+ Kc1 68. Qa1+ Kc2 69. Qa2+ 1/2-1/2

[Event "Barcelona Sant Marti op-A 18th"]
[Site "Barcelona"]
[Date "2016.07.17"]
[Round "5"]
[White "Niraj, Saripalli"]
[Black "Rakshitta, Ravi"]
[Result "1-0"]
[WhiteElo "2140"]
[BlackElo "1716"]
[PlyCount "161"]
[EventDate "2016.07.13"]
[EventType "swiss"]
[EventRounds "9"]
[EventCountry "ESP"]
[SourceTitle "CBM 173 Extra"]
[Source "ChessBase"]
[SourceDate "2016.08.29"]
[SourceVersion "1"]
[SourceVersionDate "2016.08.29"]
[SourceQuality "1"]

1. d4 Nf6 2. Nf3 g6 3. g3 Bg7 4. Bg2 d6 5. 0-0 0-0 6. a4 a5 7. Nc3 Nc6 8. e4 Nd7 9. Re1 e5 10. Bg5 f6 11. Be3 Kh8 12. Qd2 Nb6 13. b3 Bg4 14. Nb5 f5 15. d5 Ne7 16. Ng5 fxe4 17. h3 Bc8 18. Bxe4 Nf5 19. Bxb6 cxb6 20. Ne6 Bxe6 21. dxe6 Qe7 22. Bxf5 gxf5 23. Qxd6 Rae8 24. Rad1 Qxe6 25. Qxe6 Rxe6 26. Rd7 f4 27. g4 e4 28. Nd6 e3 29. fxe3 fxe3 30. Nf5 Bc3 31. Rxe3 Rxe3 32. Nxe3 Re8 33. Nf5 Bb4 34. Kf2 Bc5+ 35. Kf3 Rc8 36. Rxb7 Rd8 37. Kf4 Bd6+ 38. Nxd6 Rxd6 39. c4 Re6 40. h4 Kg8 41. Kf5 Rc6 42. Ke5 h6 43. g5 hxg5 44. hxg5 Rg6 45. Kf5 Rc6 46. g6 Rc5+ 47. Kf4 Rc6 48. g7 Re6 49. Kf3 Kh7 50. Kf4 Kg8 51. Kf5 Rh6 52. Ke5 Rc6 53. Kd5 Rg6 54. Ke4 Rh6 55. Kd3 Rg6 56. c5 Rg3+ 57. Kc4 bxc5 58. Kxc5 Kh7 59. Rb5 Kxg7 60. Kb6 Kf6 61. Kxa5 Ke6 62. b4 Kd6 63. Rb6+ Kc7 64. Rf6 Kb7 65. Rf7+ Kb8 66. Rf5 Rg4 67. Kb5 Rh4 68. a5 Rg4 69. Kc5 Rg1 70. Rf6 Rg5+ 71. Kb6 Rg8 72. b5 Re8 73. a6 Rd8 74. Rf5 Rd6+ 75. Ka5 Rd1 76. Rf8+ Kc7 77. b6+ Kc6 78. Rc8+ Kd7 79. b7 Ra1+ 80. Kb6 Rc1 81. Rxc1 1-0

[Event "Barcelona Sant Marti op-A 18th"]
[Site "Barcelona"]
[Date "2016.07.15"]
[Round "3"]
[White "Niraj, Saripalli"]
[Black "Ortiz Suarez, Isan Reynaldo"]
[Result "0-1"]
[WhiteElo "2140"]
[BlackElo "2580"]
[PlyCount "52"]
[EventDate "2016.07.13"]
[EventType "swiss"]
[EventRounds "9"]
[EventCountry "ESP"]
[SourceTitle "CBM 173 Extra"]
[Source "ChessBase"]
[SourceDate "2016.08.29"]
[SourceVersion "1"]
[SourceVersionDate "2016.08.29"]
[SourceQuality "1"]

1. e4 c5 2. Nf3 d6 3. Bb5+ Nd7 4. d4 cxd4 5. Qxd4 a6 6. Bxd7+ Bxd7 7. c4 Nf6 8. Nc3 g6 9. Bg5 Bg7 10. Nd5 0-0 11. Bxf6 exf6 12. Nb6 f5 13. Qxd6 Bc6 14. Qxd8 Raxd8 15. e5 Bxf3 16. gxf3 Bxe5 17. Nd5 b5 18. 0-0-0 bxc4 19. Rhe1 Bg7 20. Re7 Rb8 21. Nc3 Rb6 22. Rdd7 Bf6 23. Re2 Bxc3 24. bxc3 Rfb8 25. Rd4 Rb1+ 26. Kd2 Ra1 0-1

[Event "Barcelona Sant Marti op-A 18th"]
[Site "Barcelona"]
[Date "2016.07.13"]
[Round "1"]
[White "Arizmendi Martinez, Julen Luis"]
[Black "Niraj, Saripalli"]
[Result "1-0"]
[WhiteElo "2501"]
[BlackElo "2140"]
[PlyCount "43"]
[EventDate "2016.07.13"]
[EventType "swiss"]
[EventRounds "9"]
[EventCountry "ESP"]
[SourceTitle "CBM 173 Extra"]
[Source "ChessBase"]
[SourceDate "2016.08.29"]
[SourceVersion "1"]
[SourceVersionDate "2016.08.29"]
[SourceQuality "1"]

1. d4 d5 2. c4 e6 3. Nf3 c6 4. e3 Bd6 5. Bd3 Nd7 6. 0-0 Ngf6 7. Nbd2 0-0 8. e4 e5 9. cxd5 cxd5 10. exd5 exd4 11. Ne4 Nc5 12. Nxf6+ gxf6 13. Nxd4 Be5 14. Bc2 Qxd5 15. Qh5 Ne4 16. Rd1 Rd8 17. Bb3 Qd7 18. Nb5 Qe7 19. Rxd8+ Qxd8 20. Qxf7+ Kh8 21. Bh6 f5 22. Rd1 1-0

[Event "Chennai op 5th"]
[Site "Chennai"]
[Date "2013.01.19"]
[Round "4"]
[White "Niraj, Saripalli"]
[Black "Murali Krishnan, BT."]
[Result "1/2-1/2"]
[WhiteElo "1994"]
[BlackElo "2320"]
[PlyCount "51"]
[EventDate "2013.01.16"]
[EventType "swiss"]
[EventRounds "11"]
[EventCountry "IND"]
[SourceTitle "CBM 152 Extra"]
[Source "ChessBase"]
[SourceDate "2013.02.25"]
[SourceVersion "1"]
[SourceVersionDate "2013.02.25"]
[SourceQuality "1"]

1. d4 d5 2. Nf3 c5 3. e3 Nf6 4. dxc5 e6 5. b4 a5 6. c3 axb4 7. cxb4 b6 8. Bb5+ Bd7 9. Bxd7+ Nbxd7 10. a4 bxc5 11. b5 Bd6 12. Bb2 0-0 13. 0-0 Qb8 14. Nbd2 Rc8 15. Qc2 c4 16. Bc3 e5 17. h3 Rc7 18. Rfb1 Rb7 19. Qb2 Nc5 20. Bxe5 Nxa4 21. Bxd6 Nxb2 22. Bxb8 Rxa1 23. Rxa1 Rxb8 24. Nd4 g6 25. Kf1 Nd3 26. Ke2 1/2-1/2

[Event "Chennai op 5th"]
[Site "Chennai"]
[Date "2013.01.18"]
[Round "5"]
[White "Niraj, Saripalli"]
[Black "Shashikant, Kutwal"]
[Result "0-1"]
[WhiteElo "1994"]
[BlackElo "2261"]
[PlyCount "76"]
[EventDate "2013.01.16"]
[EventType "swiss"]
[EventRounds "11"]
[EventCountry "IND"]
[SourceTitle "CBM 152 Extra"]
[Source "ChessBase"]
[SourceDate "2013.02.25"]
[SourceVersion "1"]
[SourceVersionDate "2013.02.25"]
[SourceQuality "1"]

1. e4 c5 2. Nc3 Nc6 3. f4 g6 4. Nf3 Bg7 5. Bb5 Nd4 6. 0-0 Nxb5 7. Nxb5 a6 8. Nc3 Nh6 9. d3 f5 10. e5 0-0 11. h3 Nf7 12. Be3 d6 13. d4 cxd4 14. Bxd4 dxe5 15. Nxe5 Nxe5 16. Bxe5 Bxe5 17. fxe5 Be6 18. Qf3 Qb6+ 19. Kh1 Rad8 20. Rad1 Qxb2 21. Rb1 Qxc2 22. Rfc1 Qd3 23. Rxb7 Qxf3 24. gxf3 Kf7 25. Ra7 Rd3 26. Na4 Rxf3 27. Rcc7 Re8 28. Nc5 Rxh3+ 29. Kg2 Re3 30. Rxa6 Rxe5 31. a4 Rb8 32. Nxe6 Rxe6 33. Raa7 Rb2+ 34. Kf3 g5 35. a5 Re4 36. a6 h5 37. Rab7 Rbe2 38. Rc3 h4 0-1